Environmentálne a sociálne aspekty determinujúce udržateľnosť predaja kozmetiky a detergentov
Guardado en:
| Autor principal: | |
|---|---|
| Otros Autores: | |
| Formato: | Manuscrito Libro |
| Lenguaje: | eslovaco |
| Publicado: |
2025
|
| Materias: | |
| Acceso en línea: | http://is.stuba.sk/zp/portal_zp.pl?podrobnosti=191980 |
| Etiquetas: |
Sin Etiquetas, Sea el primero en etiquetar este registro!
|
MARC
| LEADER | 00000ntm a22000003a 4500 | ||
|---|---|---|---|
| 001 | stuzp102508 | ||
| 003 | SK-STU | ||
| 005 | 20250607210349.5 | ||
| 007 | ta | ||
| 008 | 150427s2015----xo-----f-mn---000-0-slo-d | ||
| 040 | |a STU |b slo | ||
| 041 | 0 | |a slo | |
| 100 | 1 | |a Grögerová, Aneta |u 040000 |4 aut |T FCHPT Fakulta chemickej a potravinárskej technológie |X 82135 |U C |Y 40 |7 82135 | |
| 242 | 0 | 1 | |a Environmental and social aspects determining the sustainability of sales of cosmetics and detergents. |y eng |
| 245 | 1 | 0 | |a Environmentálne a sociálne aspekty determinujúce udržateľnosť predaja kozmetiky a detergentov |
| 260 | |c 2025 | ||
| 650 | 4 | |a cosmetics |2 eng | |
| 650 | 4 | |a detergents |2 eng | |
| 650 | 4 | |a consumer behavior |2 eng | |
| 650 | 4 | |a consumer |2 eng | |
| 650 | 4 | |a detergenty |2 slo | |
| 650 | 4 | |a spotrebiteľské správanie |2 slo | |
| 650 | 4 | |a spotrebiteľ |2 slo | |
| 650 | 4 | |a kozmetika |2 slo | |
| 700 | 1 | |a Lisnik, Anton |u 902024 |k Z1 |4 ths |U Ústav manažmentu STU |T ÚM - Oddelenie manažmentu chemických a potravinárskych technológií |X 114207 |U R2024 |Y 408 |7 114207 | |
| 856 | 4 | |u http://is.stuba.sk/zp/portal_zp.pl?podrobnosti=191980 | |